BSOP header

蛻變人生百問 : (Record no. 24013)

MARC details
000 -LEADER
fixed length control field 00629 a2200181 4500
005 - DATE AND TIME OF LATEST TRANSACTION
control field 20250930135624.0
008 - FIXED-LENGTH DATA ELEMENTS--GENERAL INFORMATION
fixed length control field 050725s2004 us eng
020 ## - INTERNATIONAL STANDARD BOOK NUMBER
International Standard Book Number 957727210X
050 ## - LIBRARY OF CONGRESS CALL NUMBER
Classification number BR128.B8
Item number C16
100 0# - MAIN ENTRY--PERSONAL NAME
Personal name TSAO, Yung-Sian
245 10 - TITLE STATEMENT
Title 蛻變人生百問 :
Statement of responsibility, etc 曹永杉 = Tui bian ren sheng bai wen : wo cong ying fo ya dao xin Jidu de xin ling shi jie {ch} /
Remainder of title 100則關於佛教與基督教、信仰與人生的Q&A
260 ## - PUBLICATION, DISTRIBUTION, ETC. (IMPRINT)
Place of publication, distribution, etc 台北市:
Name of publisher, distributor, etc 宇宙光出版社,
Date of publication, distribution, etc 2004.
300 ## - PHYSICAL DESCRIPTION
Extent 159p. :
Other physical details illustrations ;
Dimensions 20cm.
650 #4 - SUBJECT ADDED ENTRY--TOPICAL TERM
Topical term or geographic name as entry element Witnesses.
740 02 - ADDED ENTRY--UNCONTROLLED RELATED/ANALYTICAL TITLE
Uncontrolled related/analytical title Buddhism
780 00 - PRECEDING ENTRY
Main entry heading Christianity
942 ## - ADDED ENTRY ELEMENTS (KOHA)
Source of classification or shelving scheme Library of Congress Classification
Item type Books
Holdings
Withdrawn status Lost status Source of classification or shelving scheme Damaged status Not for loan Home library Current library Shelving location Date acquired Source of acquisition Accession number Shelving control number Total Checkouts Full call number Barcode Date last seen Price effective from Koha item type Copy number Public note
    Library of Congress Classification     BSOP Library BSOP Library Chinese Books (General Circulation) 06/20/2005 CES C-13450 127   BR128.B8 C16 00045595 02/23/2013 02/23/2013 Books    
    Library of Congress Classification     BSOP Library BSOP Library Chinese Books (General Circulation) 09/24/2025   C-16446     BV2618.B8 C16 00062298 09/30/2025 09/30/2025 Books c.2 Cosmic
BSOP

Biblical Seminary of the Philippines
  All rights Reserved
  © 2024

CONTACT INFORMATION

Biblical Seminary of the Philippines,
  77-B Karuhatan Road, Valenzuela City,
  PHILIPPINES 1441
  Phone: +632 8292-6795 / 8292-6798
  Fax : +632 8292-6675
  Email: library@bsop.edu.ph